| 000 | 00535nam a22002177a 4500 | ||
|---|---|---|---|
| 003 | OSt | ||
| 005 | 20140310182913.0 | ||
| 008 | 130128t xxu||||| |||| 00| 0 eng d | ||
| 020 | _a9712716775 | ||
| 050 |
_aJQ 1411 _b.C576 2005 |
||
| 082 |
_aFIL 342 _b.C576 2005 |
||
| 245 | _aThe Constitutions of the Philippines | ||
| 260 |
_aPasig City _bAnvil _c2005 |
||
| 300 |
_a150 p. _c26 cm. |
||
| 521 | _acollege students | ||
| 526 | _c1210L-1700L | ||
| 541 | _j1 | ||
| 541 | _j2 | ||
| 562 | _e2 | ||
| 942 |
_2lcc _cBK _kFIL |
||
| 999 |
_c17254 _d17254 |
||